[Event "Wch U20 Girls 36th"]
[Site "Manavgat"]
[Date "2018.09.15"]
[Round "11"]
[White "Dwilewicz, Katarzyna"]
[Black "Celik, Eda"]
[Result "1/2-1/2"]
[WhiteElo "2081"]
[BlackElo "1970"]
[PlyCount "157"]
[EventDate "2018.09.05"]
[EventType "swiss"]
[EventRounds "11"]
[EventCountry "TUR"]
[SourceTitle "CBM 186 Extra"]
[Source "ChessBase"]
[SourceDate "2018.08.24"]
[SourceVersion "1"]
[SourceVersionDate "2018.08.24"]
[SourceQuality "1"]

1. e4 e5 2. Nf3 Nc6 3. Bb5 a6 4. Ba4 Nf6 5. 0-0 Be7 6. d3 b5 7. Bb3 d6 8. c3 0-0 9. Re1 Na5 10. Bc2 c5 11. Nbd2 Nc6 12. h3 Re8 13. Nf1 Bf8 14. Bg5 h6 15. Bh4 g5 16. Bg3 Bg7 17. a4 Rb8 18. axb5 axb5 19. Qd2 Nh5 20. Bh2 Nf4 21. Ne3 Be6 22. Nf5 Bxf5 23. exf5 Qc8 24. d4 cxd4 25. cxd4 b4 26. Rac1 b3 27. Bb1 Qa6 28. dxe5 dxe5 29. Bxf4 gxf4 30. Qd6 Rbc8 31. f6 Red8 32. Qc5 Bxf6 33. Bf5 Rc7 34. Nxe5 Bxe5 35. Rxe5 Nxe5 36. Qxc7 Re8 37. Qc3 Qf6 38. Bb1 f3 39. g3 Qe6 40. Kh2 Qb6 41. Qc5 Qa6 42. Bf5 Qf6 43. Be4 Ng4+ 44. hxg4 Rxe4 45. Rc3 Re2 46. Rxb3 Rxb2 47. Rd3 Re2 48. Rb3 Kg7 49. Rb8 Re6 50. Qf8+ Kg6 51. Rb5 Qg7 52. Qc5 Qf6 53. Qf5+ Kg7 54. Rb3 Qxf5 55. gxf5 Re5 56. Rxf3 Kf6 57. g4 Kg5 58. Rg3 Re2 59. Kg2 Kh4 60. Kf3 Ra2 61. Kg2 Re2 62. Kf1 Re4 63. Rb3 Rxg4 64. Rb7 f6 65. Rh7 Kg5 66. Ke2 Rh4 67. Kf3 Rf4+ 68. Kg3 Rxf5 69. f4+ Rxf4 70. Rxh6 Rg4+ 71. Kf3 f5 72. Rh8 Rb4 73. Rg8+ Kf6 74. Rf8+ Ke6 75. Re8+ Kf7 76. Ra8 Ke6 77. Re8+ Kd5 78. Rf8 Ke5 79. Re8+ 1/2-1/2

[Event "Wch U20 Girls 36th"]
[Site "Manavgat"]
[Date "2018.09.07"]
[Round "4"]
[White "Nass, Sara"]
[Black "Celik, Eda"]
[Result "1-0"]
[WhiteElo "1888"]
[BlackElo "1970"]
[PlyCount "75"]
[EventDate "2018.09.05"]
[EventType "swiss"]
[EventRounds "11"]
[EventCountry "TUR"]
[SourceTitle "CBM 186 Extra"]
[Source "ChessBase"]
[SourceDate "2018.08.24"]
[SourceVersion "1"]
[SourceVersionDate "2018.08.24"]
[SourceQuality "1"]

1. e4 e5 2. Nf3 Nc6 3. Bb5 a6 4. Ba4 Nf6 5. 0-0 Be7 6. Re1 b5 7. Bb3 d6 8. c3 0-0 9. h3 Na5 10. Bc2 c5 11. d4 Qc7 12. Nbd2 cxd4 13. cxd4 Nc6 14. Nb3 a5 15. Be3 a4 16. Nbd2 Bd7 17. Rc1 Qb7 18. d5 Na5 19. Bd3 Rfc8 20. Qe2 Bd8 21. Nh2 Bb6 22. Bxb6 Qxb6 23. Ng4 Nh5 24. Nh6+ gxh6 25. Rxc8+ Rxc8 26. Qxh5 Qd8 27. Qxh6 Qf8 28. Qh4 f6 29. Re3 Qe7 30. Rg3+ Kh8 31. Rf3 Rf8 32. Nf1 Nb7 33. Ng3 Nc5 34. Be2 Be8 35. Nf5 Qd8 36. Rg3 Rg8 37. Rxg8+ Kxg8 38. Qh6 1-0

[Event "TUR-chT"]
[Site "Ankara"]
[Date "2018.08.03"]
[Round "11.1"]
[White "Celik, Eda"]
[Black "Sade, Defne"]
[Result "1/2-1/2"]
[WhiteElo "1864"]
[BlackElo "1954"]
[PlyCount "74"]
[EventDate "2018.07.25"]
[EventType "team-tourn"]
[EventRounds "13"]
[EventCountry "TUR"]
[SourceTitle "CBM 185 Extra"]
[Source "ChessBase"]
[SourceDate "2018.07.29"]
[SourceVersion "1"]
[SourceVersionDate "2018.07.29"]
[SourceQuality "1"]
[WhiteTeam "Tas Duvar"]
[BlackTeam "Deniz su Aquamatch"]
[WhiteTeamCountry "TUR"]
[BlackTeamCountry "TUR"]

1. d4 d5 2. Bf4 c5 3. e3 Nc6 4. c3 Nf6 5. Nd2 Bf5 6. Qb3 Qd7 7. Ngf3 c4 8. Qd1 e6 9. Ne5 Nxe5 10. Bxe5 Be7 11. Be2 0-0 12. 0-0 b5 13. f3 a5 14. Re1 b4 15. e4 Bg6 16. Bf1 Ne8 17. Qe2 Bd6 18. g3 Nc7 19. Bh3 Qc6 20. f4 Bxe4 21. Nxe4 dxe4 22. Qxe4 Qxe4 23. Rxe4 Rfd8 24. Bf1 bxc3 25. bxc3 Nd5 26. Bxc4 Nxc3 27. Re3 Nd5 28. Bxd5 Bxe5 29. Rxe5 Rxd5 30. Rxd5 exd5 31. Rc1 g6 32. Rc5 a4 33. Rxd5 Rb8 34. a3 Rb3 35. Ra5 Rxa3 36. d5 Rd3 37. Rxa4 Rxd5 1/2-1/2

[Event "Paracin Summer op-B 11th"]
[Site "Paracin"]
[Date "2018.07.12"]
[Round "8"]
[White "Vukasinovic, Sasa"]
[Black "Celik, Eda"]
[Result "0-1"]
[WhiteElo "2033"]
[BlackElo "1864"]
[PlyCount "52"]
[EventDate "2018.07.06"]
[EventType "swiss"]
[EventRounds "9"]
[EventCountry "SRB"]
[SourceTitle "EXT 2019"]
[Source "ChessBase"]
[SourceDate "2018.10.10"]
[SourceVersion "1"]
[SourceVersionDate "2018.10.10"]
[SourceQuality "1"]

1. e4 e5 2. Nf3 Nc6 3. Bc4 Nf6 4. 0-0 Nxe4 5. d4 exd4 6. Re1 d5 7. Bxd5 Qxd5 8. Nc3 Qh5 9. Nxe4 Be6 10. Bg5 Bd6 11. Nxd6+ cxd6 12. Bf4 Qd5 13. c3 Rc8 14. c4 Qxc4 15. Bxd6 Qd5 16. Ba3 Kd7 17. Rc1 b6 18. Qd2 Rhe8 19. Qf4 f6 20. Red1 d3 21. Rc3 Bf5 22. Nh4 Nd4 23. Kf1 g5 24. Nxf5 gxf4 25. Rcxd3 Qxf5 26. Rxd4+ Kc7 0-1

[Event "Sarajevo Bosna op 48th"]
[Site "Sarajevo"]
[Date "2018.05.09"]
[Round "7"]
[White "Celik, Eda"]
[Black "Marn, Jan"]
[Result "0-1"]
[WhiteElo "1831"]
[BlackElo "2063"]
[PlyCount "50"]
[EventDate "2018.05.05"]
[EventType "swiss"]
[EventRounds "9"]
[EventCountry "BIH"]
[SourceTitle "CBM 184 Extra"]
[Source "ChessBase"]
[SourceDate "2018.06.28"]
[SourceVersion "1"]
[SourceVersionDate "2018.06.28"]
[SourceQuality "1"]

1. Nf3 d5 2. g3 Nf6 3. Bg2 g6 4. 0-0 Bg7 5. d3 0-0 6. Nbd2 Nc6 7. e4 dxe4 8. dxe4 e5 9. c3 a5 10. a4 b6 11. Qc2 Ba6 12. Re1 Nd7 13. Bf1 Nc5 14. Bxa6 Rxa6 15. Nc4 Qd3 16. Qxd3 Nxd3 17. Re2 Nc5 18. Nfd2 Raa8 19. b3 Rfd8 20. Re3 Bh6 21. Rf3 f5 22. Ra2 Nxe4 23. g4 fxg4 24. Nxe4 Rd1+ 25. Kg2 gxf3+ 0-1

[Event "Paracin Winter op"]
[Site "Paracin"]
[Date "2018.02.04"]
[Round "8"]
[White "Celik, Eda"]
[Black "Mirkovic, Dejan"]
[Result "0-1"]
[WhiteElo "1888"]
[BlackElo "1790"]
[PlyCount "118"]
[EventDate "2018.01.30"]
[EventType "swiss"]
[EventRounds "9"]
[EventCountry "SRB"]
[SourceTitle "CBM 182 Extra"]
[Source "ChessBase"]
[SourceDate "2018.02.23"]
[SourceVersion "1"]
[SourceVersionDate "2018.02.23"]
[SourceQuality "1"]

1. e4 c5 2. Nf3 b6 3. d4 cxd4 4. Nxd4 Bb7 5. Nc3 Nf6 6. Bd3 e6 7. 0-0 a6 8. e5 Nd5 9. Nxd5 Bxd5 10. Qg4 Qc7 11. Re1 Nc6 12. Nxc6 Bxc6 13. Bg5 d6 14. exd6 Bxd6 15. Qh5 g6 16. Qh3 Be5 17. Rad1 0-0 18. c3 Bd5 19. Be4 Bxe4 20. Rxe4 Bg7 21. Bh6 Rfd8 22. Rde1 Qc6 23. R4e3 Bh8 24. Qh4 Rd5 25. g4 Rad8 26. Bg5 R8d7 27. Rh3 h5 28. gxh5 Rd1 29. Rhe3 R7d3 30. Qe4 Qxe4 31. Rxe4 gxh5 32. Kg2 Kh7 33. Rxd1 Rxd1 34. Rb4 Rd5 35. Be3 b5 36. a4 Kg6 37. a5 Be5 38. Re4 f5 39. Rh4 Bf6 40. Rh3 e5 41. Rg3+ Kf7 42. f4 e4 43. Kh3 h4 44. Rg1 Rd3 45. Re1 b4 46. Kg2 bxc3 47. bxc3 Bxc3 48. Re2 Bxa5 49. Ra2 Rxe3 50. Rxa5 h3+ 51. Kg1 Kg6 52. Rxa6+ Kh5 53. Ra8 Kg4 54. Rh8 Kxf4 55. Kf2 Rf3+ 56. Ke2 Ra3 57. Rh4+ Kg5 58. Rh8 Kf4 59. Kf1 Kg4 0-1

[Event "Paracin Winter op"]
[Site "Paracin"]
[Date "2018.02.03"]
[Round "7"]
[White "Celik, Eda"]
[Black "Mijajlovic, Milutin"]
[Result "1-0"]
[WhiteElo "1888"]
[BlackElo "1809"]
[PlyCount "87"]
[EventDate "2018.01.30"]
[EventType "swiss"]
[EventRounds "9"]
[EventCountry "SRB"]
[SourceTitle "CBM 182 Extra"]
[Source "ChessBase"]
[SourceDate "2018.02.23"]
[SourceVersion "1"]
[SourceVersionDate "2018.02.23"]
[SourceQuality "1"]

1. e4 e5 2. Nf3 Nc6 3. Bb5 d6 4. d4 exd4 5. Nxd4 Bd7 6. 0-0 Nxd4 7. Bxd7+ Qxd7 8. Qxd4 Ne7 9. Nc3 Nc6 10. Qd1 Be7 11. Nd5 0-0 12. b3 f6 13. Bb2 Rae8 14. Qh5 Bd8 15. Rfe1 Qf7 16. Qh3 Ne7 17. Nf4 Ng6 18. Nh5 Qe6 19. Qg3 Rf7 20. f4 Qd7 21. Rad1 Qc6 22. f5 Nf8 23. Qd3 b5 24. g4 a5 25. Rd2 Nd7 26. Rde2 Ne5 27. Qg3 Kh8 28. h4 Rg8 29. Nf4 g6 30. fxg6 hxg6 31. g5 Qe8 32. Rh2 Rh7 33. Nd5 Qe6 34. Rf1 f5 35. Nf4 Qf7 36. Nd3 Re8 37. Nxe5 dxe5 38. Bxe5+ Kg8 39. exf5 gxf5 40. g6 Qe7 41. gxh7+ Kxh7 42. Rxf5 Qc5+ 43. Rff2 Rxe5 44. Rhg2 1-0

[Event "Paracin Winter op"]
[Site "Paracin"]
[Date "2018.02.02"]
[Round "5"]
[White "Ristic, Dejan D"]
[Black "Celik, Eda"]
[Result "0-1"]
[WhiteElo "1805"]
[BlackElo "1888"]
[PlyCount "90"]
[EventDate "2018.01.30"]
[EventType "swiss"]
[EventRounds "9"]
[EventCountry "SRB"]
[SourceTitle "CBM 182 Extra"]
[Source "ChessBase"]
[SourceDate "2018.02.23"]
[SourceVersion "1"]
[SourceVersionDate "2018.02.23"]
[SourceQuality "1"]

1. c4 e5 2. Nc3 Nc6 3. g3 Bc5 4. Bg2 d6 5. e3 a6 6. Nge2 Ba7 7. d4 exd4 8. exd4 Nge7 9. 0-0 0-0 10. Bg5 h6 11. Bxe7 Qxe7 12. Nd5 Qd8 13. b4 Bg4 14. f3 Bf5 15. Qd2 Re8 16. Rae1 Bh7 17. h4 Ne5 18. Nc1 c6 19. Ne3 Nd7 20. a4 Qf6 21. c5 dxc5 22. bxc5 Nf8 23. Ng4 Qf5 24. Ne5 Bxc5 25. dxc5 Rxe5 26. Rxe5 Qxe5 27. Qf2 Ne6 28. Nb3 Qc3 29. Qa2 Bc2 30. Nc1 Qxc5+ 31. Kh2 Rd8 32. Qb2 b5 33. axb5 axb5 34. Na2 Bf5 35. f4 Qe3 36. Qe5 Qxe5 37. fxe5 Rd2 38. Kg1 Bd3 39. Ra1 c5 40. Nc1 Rd1+ 41. Kh2 Bc4 42. Be4 g6 43. Kg2 Kg7 44. Kf2 Nd4 45. Bf3 Rf1+ 0-1

[Event "EU-Cup (Women) 22nd"]
[Site "Antalya"]
[Date "2017.10.12"]
[Round "5.3"]
[White "Brusilovski, Lena"]
[Black "Celik, Eda"]
[Result "1-0"]
[WhiteElo "1881"]
[BlackElo "1880"]
[PlyCount "99"]
[EventDate "2017.10.08"]
[EventType "team-swiss"]
[EventRounds "7"]
[EventCountry "TUR"]
[SourceTitle "CBM 181 Extra"]
[Source "ChessBase"]
[SourceDate "2017.12.12"]
[SourceVersion "1"]
[SourceVersionDate "2017.12.12"]
[SourceQuality "1"]
[WhiteTeam "Beer Sheva (W)"]
[BlackTeam "Aegean (W)"]
[WhiteTeamCountry "ISR"]
[BlackTeamCountry "TUR"]

1. e4 e5 2. Nf3 Nc6 3. Bc4 Nf6 4. d3 h6 5. 0-0 d6 6. c3 g6 7. Bb3 Bg7 8. Re1 0-0 9. Nbd2 Na5 10. Bc2 c5 11. Nf1 Nc6 12. h3 Be6 13. Ng3 d5 14. Qe2 d4 15. Bd2 b5 16. a4 a6 17. Nh2 Nd7 18. c4 bxc4 19. dxc4 Rb8 20. b3 Nb4 21. Bc1 f5 22. exf5 gxf5 23. Nh5 e4 24. Nxg7 Kxg7 25. Bb1 Qf6 26. Bb2 Ne5 27. Ng4 fxg4 28. Qxe4 Bf5 29. Qxe5 Qxe5 30. Rxe5 Bxb1 31. Rxb1 Nd3 32. Re2 Rxb3 33. Bxd4+ cxd4 34. Rxb3 Nc1 35. Rb7+ Kf6 36. Rc2 Nd3 37. Rd2 Nc5 38. Rb6+ Ke5 39. hxg4 Ne4 40. Rd1 Rxf2 41. Rxh6 Ra2 42. Rxa6 Nc3 43. Re1+ Kf4 44. Rd6 Kg3 45. Kh1 Rxg2 46. Rg1 Rxg1+ 47. Kxg1 Ne2+ 48. Kf1 Kf3 49. Rf6+ Ke3 50. Re6+ 1-0

[Event "EU-Cup (Women) 22nd"]
[Site "Antalya"]
[Date "2017.10.09"]
[Round "2.6"]
[White "Hereklioglu, Sude"]
[Black "Celik, Eda"]
[Result "1-0"]
[WhiteElo "2165"]
[BlackElo "1880"]
[PlyCount "107"]
[EventDate "2017.10.08"]
[EventType "team-swiss"]
[EventRounds "7"]
[EventCountry "TUR"]
[SourceTitle "CBM 181 Extra"]
[Source "ChessBase"]
[SourceDate "2017.12.12"]
[SourceVersion "1"]
[SourceVersionDate "2017.12.12"]
[SourceQuality "1"]
[WhiteTeam "Marmara (W)"]
[BlackTeam "Aegean (W)"]
[WhiteTeamCountry "TUR"]
[BlackTeamCountry "TUR"]

1. d4 Nf6 2. Nc3 d5 3. Bg5 Nbd7 4. Nf3 g6 5. e3 Bg7 6. Bd3 0-0 7. 0-0 c5 8. Bxf6 Nxf6 9. Re1 b6 10. b3 Bb7 11. Ne5 Rc8 12. Na4 Ne4 13. Qe2 e6 14. Rad1 Qc7 15. f3 Nd6 16. c3 f6 17. Ng4 c4 18. Bb1 Bc6 19. e4 cxb3 20. axb3 dxe4 21. fxe4 Bxa4 22. bxa4 Qxc3 23. e5 fxe5 24. dxe5 Nf5 25. Ba2 Qc5+ 26. Kh1 Qe7 27. Nf6+ Bxf6 28. exf6 Rxf6 29. Bxe6+ Rxe6 30. Qxe6+ Qxe6 31. Rxe6 Kf7 32. Re5 Rc4 33. a5 Kf6 34. Rb5 Nd4 35. axb6 axb6 36. Rxb6+ Kg5 37. Rb7 h5 38. Rdb1 Rc2 39. R7b2 Rc3 40. Rb4 Rd3 41. Rc1 Rd2 42. h4+ Kh6 43. Rb7 Nf5 44. Rb4 Ne3 45. Re4 Ng4 46. Re7 Rd4 47. Kg1 Rd6 48. Rce1 Rd3 49. Kf1 Rd2 50. Rf7 Nh2+ 51. Kg1 Ng4 52. g3 Rd8 53. Ree7 Rh8 54. Kg2 1-0

[Event "EU-ch U16 Girls 27th"]
[Site "Mamaia"]
[Date "2017.09.11"]
[Round "6"]
[White "Celik, Eda"]
[Black "Duson, Robin"]
[Result "0-1"]
[WhiteElo "1916"]
[BlackElo "1962"]
[PlyCount "76"]
[EventDate "2017.09.05"]
[EventType "swiss"]
[EventRounds "9"]
[EventCountry "ROU"]
[SourceTitle "CBM 180 Extra"]
[Source "ChessBase"]
[SourceDate "2017.10.06"]
[SourceVersion "1"]
[SourceVersionDate "2017.10.06"]
[SourceQuality "1"]

1. Nf3 c5 2. g3 Nf6 3. Bg2 d5 4. 0-0 Nc6 5. d3 e5 6. e4 d4 7. Na3 Be7 8. Nc4 Qc7 9. a4 0-0 10. Nh4 Ne8 11. Nf5 Nd6 12. Nfxd6 Bxd6 13. f4 f6 14. f5 Rf7 15. g4 Kf8 16. h4 Ke7 17. g5 Bd7 18. Qh5 Rh8 19. g6 Rff8 20. gxh7 Be8 21. Qg4 Rxh7 22. Bd2 Kd8 23. c3 Bf7 24. Kf2 Na5 25. Nxa5 Qxa5 26. Rh1 Qb6 27. Qe2 c4 28. cxd4 Rfh8 29. dxc4 exd4 30. Qd3 Rxh4 31. Rxh4 Rxh4 32. a5 Qc5 33. Ra4 Bf4 34. Bb4 Be3+ 35. Ke1 Qc6 36. b3 Qc7 37. Qe2 Qg3+ 38. Kf1 Rh1+ 0-1

[Event "TUR-chT"]
[Site "Kocaeli"]
[Date "2017.08.06"]
[Round "13.2"]
[White "Celik, Eda"]
[Black "Duran, Esma Doga"]
[Result "0-1"]
[WhiteElo "1939"]
[BlackElo "1939"]
[PlyCount "84"]
[EventDate "2017.07.26"]
[EventType "team-tourn"]
[EventRounds "13"]
[EventCountry "TUR"]
[SourceTitle "CBM 179 Extra"]
[Source "ChessBase"]
[SourceDate "2017.08.23"]
[SourceVersion "1"]
[SourceVersionDate "2017.08.23"]
[SourceQuality "1"]
[WhiteTeam "Canakkale Gokceada"]
[BlackTeam "Istanbul Turk Hava"]
[WhiteTeamCountry "TUR"]
[BlackTeamCountry "TUR"]

1. d4 d5 2. Bf4 Nf6 3. e3 c6 4. c4 e6 5. Nf3 Bd6 6. Bg3 0-0 7. Nc3 Qe7 8. Bd3 Nbd7 9. 0-0 dxc4 10. Bxc4 Bxg3 11. hxg3 b5 12. Be2 Bb7 13. Qc2 Rac8 14. Rfd1 b4 15. Na4 c5 16. dxc5 Nxc5 17. Nxc5 Rxc5 18. Qd2 Rd5 19. Qe1 a5 20. Rac1 Rfd8 21. Nd4 e5 22. Nf5 Qd7 23. Nh4 e4 24. f3 g5 25. fxe4 Nxe4 26. Nf3 Qd6 27. Rxd5 Bxd5 28. Rd1 Qc7 29. Bd3 g4 30. Bxe4 Bxe4 31. Rxd8+ Qxd8 32. Ne5 Qg5 33. Nc4 Qd5 34. Nd2 Bg6 35. b3 Qe5 36. Nc4 Qd5 37. Qe2 h5 38. Nd2 Qe5 39. Nc4 Qxg3 40. Nxa5 Qh4 41. Nc4 g3 42. Qf3 Bd3 0-1

[Event "TUR-chT"]
[Site "Kocaeli"]
[Date "2017.08.02"]
[Round "8.5"]
[White "Celik, Eda"]
[Black "Ayazmali, Gizem"]
[Result "0-1"]
[WhiteElo "1939"]
[BlackElo "1849"]
[PlyCount "116"]
[EventDate "2017.07.26"]
[EventType "team-tourn"]
[EventRounds "13"]
[EventCountry "TUR"]
[SourceTitle "CBM 179 Extra"]
[Source "ChessBase"]
[SourceDate "2017.08.23"]
[SourceVersion "1"]
[SourceVersionDate "2017.08.23"]
[SourceQuality "1"]
[WhiteTeam "Canakkale Gokceada"]
[BlackTeam "Istanbul Bogazici Univ"]
[WhiteTeamCountry "TUR"]
[BlackTeamCountry "TUR"]

1. d4 Nf6 2. c4 g6 3. Nc3 Bg7 4. e4 d6 5. Nf3 0-0 6. Be2 Nbd7 7. Be3 c6 8. h3 e5 9. d5 c5 10. Nd2 Ne8 11. g4 Bf6 12. h4 Ng7 13. g5 Be7 14. Nf1 f5 15. gxf6 Nxf6 16. Ng3 h5 17. Bg5 Ng4 18. Bxg4 Bxg4 19. Qd2 Bxg5 20. hxg5 Rf4 21. Rg1 Qf8 22. Nf1 Qe7 23. Nh2 Bf3 24. Nxf3 Rxf3 25. a3 Raf8 26. Rg2 Qd7 27. 0-0-0 a6 28. Rh1 b5 29. cxb5 axb5 30. Nd1 Qa7 31. Rg3 R3f4 32. Re1 Qa4 33. Qc2 Qa5 34. Qd2 Qb6 35. Kb1 Ra8 36. Qc2 c4 37. Qd2 h4 38. Rh3 Qc5 39. Qe3 Qd4 40. Qxd4 exd4 41. f3 Raf8 42. Reh1 Rxf3 43. Rxh4 Nh5 44. Kc2 Rg3 45. R1h2 Rf1 46. Rd2 d3+ 47. Kc3 Rgg1 48. Ne3 Rc1+ 49. Kb4 Rge1 50. Ng4 Re2 51. Rh2 Rxd2 52. Rxd2 Rc2 53. Rf2 Kg7 54. Kxb5 Ng3 55. a4 Nxe4 56. Rf1 Rxb2+ 57. Kxc4 Nc5 58. Rd1 Rc2+ 0-1

[Event "TUR-chT"]
[Site "Kocaeli"]
[Date "2017.07.29"]
[Round "4.3"]
[White "Celik, Eda"]
[Black "Ayan, Bengu Sena"]
[Result "1/2-1/2"]
[WhiteElo "1939"]
[BlackElo "1862"]
[PlyCount "83"]
[EventDate "2017.07.26"]
[EventType "team-tourn"]
[EventRounds "13"]
[EventCountry "TUR"]
[SourceTitle "CBM 179 Extra"]
[Source "ChessBase"]
[SourceDate "2017.08.23"]
[SourceVersion "1"]
[SourceVersionDate "2017.08.23"]
[SourceQuality "1"]
[WhiteTeam "Canakkale Gokceada"]
[BlackTeam "Kahramanmaras Buyuksehir"]
[WhiteTeamCountry "TUR"]
[BlackTeamCountry "TUR"]

1. e4 e6 2. d4 d5 3. Nd2 Nc6 4. Ngf3 Nf6 5. e5 Nd7 6. Nb3 f6 7. Bb5 Be7 8. 0-0 0-0 9. Bxc6 bxc6 10. exf6 Bxf6 11. Qe2 Qe7 12. Re1 Re8 13. Bf4 c5 14. Bxc7 cxd4 15. Nfxd4 Nb6 16. Bg3 Bd7 17. f4 a5 18. c3 Nc4 19. Nf3 Rab8 20. Rab1 Rbc8 21. Nbd4 Nd6 22. Ne5 Ne4 23. Ng4 Bxd4+ 24. cxd4 Qb4 25. Red1 Ba4 26. Rdc1 Qxd4+ 27. Bf2 Nxf2 28. Qxf2 Qxf2+ 29. Kxf2 Bc2 30. Ra1 d4 31. Ke1 Bf5 32. Ne5 d3 33. Kd2 Rc2+ 34. Rxc2 dxc2 35. Rc1 Rd8+ 36. Ke1 Rb8 37. b3 a4 38. Nc6 Rb6 39. Ne7+ Kf7 40. Nxf5 exf5 41. bxa4 Rb2 42. Kd2 1/2-1/2

[Event "Sarajevo Bosna op 47th"]
[Site "Sarajevo"]
[Date "2017.05.17"]
[Round "7"]
[White "Miladinovic, Zlatko"]
[Black "Celik, Eda"]
[Result "1/2-1/2"]
[WhiteElo "2077"]
[BlackElo "1728"]
[PlyCount "87"]
[EventDate "2017.05.13"]
[EventType "swiss"]
[EventRounds "9"]
[EventCountry "BIH"]
[SourceTitle "CBM 178 Extra"]
[Source "ChessBase"]
[SourceDate "2017.06.22"]
[SourceVersion "1"]
[SourceVersionDate "2017.06.22"]
[SourceQuality "1"]

1. Nf3 Nf6 2. c4 c5 3. Nc3 Nc6 4. g3 g6 5. Bg2 Bg7 6. 0-0 0-0 7. d3 d6 8. a3 e5 9. Rb1 a5 10. Bg5 Be6 11. Qd2 d5 12. cxd5 Bxd5 13. Qe3 Qd6 14. Bxf6 Bxf6 15. Nxd5 Qxd5 16. Nd2 Qd6 17. Ne4 Qe7 18. Nxf6+ Qxf6 19. Qxc5 Rfc8 20. Qb6 Qe7 21. Rfc1 Nd4 22. Kf1 Rxc1+ 23. Rxc1 Ra6 24. Rc8+ Kg7 25. Qc5 Qxc5 26. Rxc5 Rb6 27. e3 Ne6 28. Rc2 f5 29. Bd5 Kf6 30. b3 Rd6 31. Bxe6 Kxe6 32. Ke2 Rb6 33. Rc3 Kd5 34. Kd2 g5 35. h4 gxh4 36. gxh4 f4 37. d4 fxe3+ 38. fxe3 exd4 39. Rd3 Ke5 40. exd4+ Ke4 41. Kc2 Rc6+ 42. Kd2 Rd6 43. Kc3 Rc6+ 44. Kd2 1/2-1/2

[Event "Sarajevo Bosna op 47th"]
[Site "Sarajevo"]
[Date "2017.05.16"]
[Round "6"]
[White "Celik, Eda"]
[Black "Cunjalo, Faris"]
[Result "1/2-1/2"]
[WhiteElo "1728"]
[BlackElo "2042"]
[PlyCount "59"]
[EventDate "2017.05.13"]
[EventType "swiss"]
[EventRounds "9"]
[EventCountry "BIH"]
[SourceTitle "CBM 178 Extra"]
[Source "ChessBase"]
[SourceDate "2017.06.22"]
[SourceVersion "1"]
[SourceVersionDate "2017.06.22"]
[SourceQuality "1"]

1. e4 c6 2. d4 d5 3. Nc3 dxe4 4. Nxe4 Nf6 5. Nxf6+ exf6 6. c3 Bd6 7. Bd3 0-0 8. Be3 Re8 9. Ne2 Bg4 10. Qc2 g6 11. 0-0-0 Nd7 12. h3 Bxe2 13. Bxe2 Qc7 14. Kb1 Bf4 15. Bxf4 Qxf4 16. Bd3 Kg7 17. Qd2 Qxd2 18. Rxd2 f5 19. Rdd1 Nf6 20. Rhe1 Re6 21. Rxe6 fxe6 22. Bc4 Re8 23. Re1 Ne4 24. Re2 Kf6 25. Bd3 Nd6 26. f4 h6 27. h4 g5 28. hxg5+ hxg5 29. fxg5+ Kxg5 30. Re3 1/2-1/2

[Event "Sarajevo Bosna op 47th"]
[Site "Sarajevo"]
[Date "2017.05.14"]
[Round "2"]
[White "Salkic, Midhat"]
[Black "Celik, Eda"]
[Result "1/2-1/2"]
[WhiteElo "2042"]
[BlackElo "1728"]
[PlyCount "66"]
[EventDate "2017.05.13"]
[EventType "swiss"]
[EventRounds "9"]
[EventCountry "BIH"]
[SourceTitle "CBM 178 Extra"]
[Source "ChessBase"]
[SourceDate "2017.06.22"]
[SourceVersion "1"]
[SourceVersionDate "2017.06.22"]
[SourceQuality "1"]

1. e4 e5 2. Nf3 Nc6 3. Bc4 Nf6 4. d4 exd4 5. 0-0 Nxe4 6. Re1 d5 7. Bxd5 Qxd5 8. Nc3 Qh5 9. Nxe4 Be6 10. Bg5 Bd6 11. Bf6 Bxh2+ 12. Nxh2 Qxd1 13. Raxd1 gxf6 14. Nxf6+ Kf8 15. Nf3 Rd8 16. b4 Ke7 17. Nh5 d3 18. cxd3 Nxb4 19. d4 Nd5 20. Rb1 b6 21. Ne5 Kf8 22. Rbc1 Rg8 23. a3 Rd6 24. Ng3 f6 25. Nd3 Bd7 26. Nb4 Nf4 27. Rxc7 h5 28. Nc2 a5 29. Re4 Nd5 30. Rb7 Rg5 31. Rb8+ Kf7 32. Rh4 Rc6 33. Rb7 Ke8 1/2-1/2

[Event "Sarajevo Bosna op 47th"]
[Site "Sarajevo"]
[Date "2017.05.13"]
[Round "1"]
[White "Celik, Eda"]
[Black "Obad, Andrija"]
[Result "1/2-1/2"]
[WhiteElo "1728"]
[BlackElo "2256"]
[PlyCount "80"]
[EventDate "2017.05.13"]
[EventType "swiss"]
[EventRounds "9"]
[EventCountry "BIH"]
[SourceTitle "CBM 178 Extra"]
[Source "ChessBase"]
[SourceDate "2017.06.22"]
[SourceVersion "1"]
[SourceVersionDate "2017.06.22"]
[SourceQuality "1"]

1. e4 c5 2. Nf3 d6 3. Bb5+ Nd7 4. 0-0 a6 5. Bxd7+ Bxd7 6. c3 Nf6 7. Re1 e6 8. d4 cxd4 9. cxd4 d5 10. e5 Ne4 11. Nbd2 Nxd2 12. Bxd2 Be7 13. Rc1 Qb6 14. b3 h6 15. a4 0-0 16. Rc3 Rfc8 17. Rd3 Qd8 18. h4 b5 19. Nh2 f5 20. exf6 Bxf6 21. Ng4 Qe7 22. Nxf6+ Qxf6 23. Qg4 Rf8 24. Rf3 Qe7 25. Rxf8+ Rxf8 26. Bxh6 Qf6 27. Be3 bxa4 28. bxa4 Bxa4 29. Rc1 Qf5 30. Qxf5 exf5 31. Bf4 Bb5 32. Rc7 Rf7 33. Rxf7 Kxf7 34. Bc7 Ke6 35. f3 Kd7 36. Ba5 g6 37. Kh2 Ke6 38. Kg3 Bf1 39. Kf2 Bc4 40. Kg3 Bf1 1/2-1/2

[Event "TUR Cup"]
[Site "Antalya"]
[Date "2017.01.30"]
[Round "4"]
[White "Aytekin, Murat Eren"]
[Black "Celik, Eda"]
[Result "1-0"]
[WhiteElo "2023"]
[BlackElo "1846"]
[PlyCount "47"]
[EventDate "2017.01.28"]
[EventType "swiss"]
[EventRounds "11"]
[EventCountry "TUR"]
[SourceTitle "CBM 176 Extra"]
[Source "ChessBase"]
[SourceDate "2017.03.02"]
[SourceVersion "1"]
[SourceVersionDate "2017.03.02"]
[SourceQuality "1"]

1. d4 d6 2. c4 e5 3. Nf3 e4 4. Ng5 f5 5. g3 Nf6 6. Nc3 h6 7. Nh3 g5 8. Bg2 Bg7 9. f3 0-0 10. 0-0 Qe7 11. Nf2 Nc6 12. fxe4 Nxe4 13. Nfxe4 fxe4 14. Nd5 Qd8 15. Rxf8+ Qxf8 16. Nxc7 Bg4 17. Nxa8 Bxd4+ 18. Kh1 Qxa8 19. Qc2 Qf8 20. Qxe4 Bf5 21. Qd5+ Kh8 22. Bd2 Bxb2 23. Rf1 Nd4 24. Be3 1-0